| 000 | 01276cam a2200361I 4500 | ||
|---|---|---|---|
| 001 | 1823 | ||
| 003 | BD- RjUL | ||
| 005 | 20211208233424.0 | ||
| 008 | 720201s1966 ne b 001 0 eng | ||
| 035 | _a(BD- RjUL) 1850 | ||
| 035 | _a(OCoLC)00231435 | ||
| 035 | _aGLIS00422045 | ||
| 040 |
_aDLC _cWSU _dOCL _dSER _dm.c. _dm/c _dBD- RjUL _beng |
||
| 041 | _aeng | ||
| 082 |
_219 _a338.9 _bFOT 1966 |
||
| 090 |
_aHD82 _b.F792 |
||
| 099 | _aHD82.F792 | ||
| 100 | 1 |
_aFox, Karl August _d1917- _96038 |
|
| 245 | 1 | 4 |
_aThe theory of quantitative economic policy with applications to economic growth and stabilization / _c[by] Karl A. Fox, Jati K. Sengupta [and] Erik Thorbecke. |
| 260 |
_aAmsterdam ; _bNorth-Holland Pub. Co., _aChicago, Rand McNally : _c1966. |
||
| 300 |
_axxiii, 517 pages _c22 cm. |
||
| 490 | 1 |
_aStudies in mathematical and managerial economics ; _vV. 5 |
|
| 504 | _aIncludes bibliographical references and index. | ||
| 650 | 0 |
_aEconomic policy _xMathematical models. _96039 |
|
| 700 | 1 |
_aSengupta, Jatikumar. _96041 |
|
| 700 | 1 |
_aThorbecke, Erik, _d1929- _96042 |
|
| 830 | 0 |
_vv. 5. _9116464 |
|
| 830 | 0 |
_aStudies in mathematical and managerial economics ; _9116465 |
|
| 942 |
_2ddc _cBK |
||
| 949 |
_aMYGD _aMYGR |
||
| 999 |
_c1823 _d1823 |
||